| 000 | 00660nam a2200253 a 4500 | ||
|---|---|---|---|
| 001 | 14340 | ||
| 003 | BD-JhCC | ||
| 005 | 20250304115923.0 | ||
| 008 | 250302b 2018e a|||| ||a| 001 0 eng d | ||
| 020 | _a9780241340400 | ||
| 035 | _a(BD-JhCC)14340 | ||
| 040 |
_aBD-JhCC _dBD-JhCC |
||
| 041 | _aenglish | ||
| 082 |
_a821 _bGAR 2018 |
||
| 100 | _a Lorca,Federico García | ||
| 245 |
_aThe Dialogue of Two Snails / _cFederico García Lorca. |
||
| 260 |
_aNew York: _bPenguin Books; _c2018. |
||
| 300 |
_a64 p. : _c16 cm. |
||
| 490 | _aPenguin Modern: 42 | ||
| 500 | _aPenguin Modern: 42 | ||
| 650 | _a English poetry. | ||
| 942 |
_2ddc _cBK |
||
| 999 |
_c14340 _d14340 |
||